La teoría del crecimiento : (Registro nro. 8344)
[ vista simple ]
| 000 -LEADER | |
|---|---|
| fixed length control field | 02064nam a2200301Ia 4500 |
| 003 - CONTROL NUMBER IDENTIFIER | |
| control field | OSt |
| 005 - DATE AND TIME OF LATEST TRANSACTION | |
| control field | 20210817164434.0 |
| 008 - FIXED-LENGTH DATA ELEMENTS--GENERAL INFORMATION | |
| fixed length control field | 210310s1976 sp ad gr 000 0 spa d |
| 020 ## - INTERNATIONAL STANDARD BOOK NUMBER | |
| International Standard Book Number | 8437500648 |
| 040 ## - CATALOGING SOURCE | |
| Original cataloging agency | CO-JMCR |
| Transcribing agency | CO-JMCR |
| 041 1# - LANGUAGE CODE | |
| Language code of text/sound track or separate title | spa |
| Language code of original | eng |
| 082 04 - DEWEY DECIMAL CLASSIFICATION NUMBER | |
| Classification number | 338.5 / |
| Item number | C748t |
| Edition number | 23 |
| 111 2# - MAIN ENTRY--MEETING NAME | |
| Meeting name or jurisdiction name as entry element | Conferencias Radcliffe |
| Date of meeting or treaty signing | (1969 : |
| Location of meeting | Inglaterra) |
| 9 (RLIN) | 39438 |
| 245 13 - TITLE STATEMENT | |
| Title | La teoría del crecimiento : |
| Remainder of title | una exposición / |
| Statement of responsibility, etc. | R. M. Solow ; traducción de José Mendoza |
| 250 ## - EDITION STATEMENT | |
| Edition statement | Primera edición |
| 260 ## - PUBLICATION, DISTRIBUTION, ETC. | |
| Place of publication, distribution, etc. | Madrid : |
| Name of publisher, distributor, etc. | Fondo de Cultura Económica, |
| Date of publication, distribution, etc. | 1976 |
| 300 ## - PHYSICAL DESCRIPTION | |
| Extent | 116 páginas : |
| Other physical details | ilustraciones y gráficas a blanco y negro ; |
| Dimensions | 21 cm. |
| 490 0# - SERIES STATEMENT | |
| Series statement | Sección de obras de economía |
| 500 ## - GENERAL NOTE | |
| General note | Título original: Growth Theory. An exposition |
| 504 ## - BIBLIOGRAPHY, ETC. NOTE | |
| Bibliography, etc. note | Bibliografía: páginas [115]-116 |
| 505 0# - FORMATTED CONTENTS NOTE | |
| Formatted contents note | Características de los estados estables -- Razón capital/Producto variable -- Un modelo sin sustitución directa -- Un modelo con dos activos -- La política económica en un modelo de crecimiento -- Algunos aspectos de política económica |
| 520 3# - SUMMARY, ETC. | |
| Summary, etc. | Este libro (basado en las conferencias Radcliffe, dictadas por el autor en la Universidad de Warwick, en 1969) es una visión panorámica de la teoría general moderna sobre el crecimiento económico. Está organizado en torno a las famosas condiciones de Harrod-Domar para el equilibrio de una economía en desarrollo. El autor muestra cómo va cambiando el carácter del equilibrio en las condiciones de crecimiento y plena ocupación, y cómo se amplía a medida que se hacen supuestos cada vez más complejos sobre tecnología, ahorro y activos monetarios. Los dos últimos capítulos estudian algunas cuestiones generales de política económica y exponen el problema de las vías óptimas de acumulación de capital y el del descuento de los beneficios en las inversiones públicas. |
| 546 ## - LANGUAGE NOTE | |
| Language note | Traducido del inglés. |
| 650 14 - SUBJECT ADDED ENTRY--TOPICAL TERM | |
| Topical term or geographic name entry element | Desarrollo económico |
| 9 (RLIN) | 16998 |
| 700 1# - ADDED ENTRY--PERSONAL NAME | |
| Personal name | Solow, R. M., |
| Relator term | autor |
| 9 (RLIN) | 39439 |
| 700 1# - ADDED ENTRY--PERSONAL NAME | |
| Personal name | Mendoza, José, |
| Relator term | traductor |
| 9 (RLIN) | 39440 |
| 942 ## - ADDED ENTRY ELEMENTS (KOHA) | |
| Source of classification or shelving scheme | Dewey Decimal Classification |
| Koha item type | Books |
| Withdrawn status | Lost status | Source of classification or shelving scheme | Damaged status | Not for loan | Collection code | Home library | Current library | Date acquired | Source of acquisition | Full call number | Barcode | Date last seen | Copy number | Koha item type |
|---|---|---|---|---|---|---|---|---|---|---|---|---|---|---|
| Dewey Decimal Classification | Non-fiction | Biblioteca Pública José María del Castillo y Rada | Biblioteca Pública José María del Castillo y Rada | 04/15/2018 | Donación | 338.5 / C748t | 430006298 | 05/16/2024 | Ej.1 | Books |